| 000 | 00971nam a22002297a 4500 | ||
|---|---|---|---|
| 003 | OSt | ||
| 005 | 20250924191814.0 | ||
| 008 | 240830b ||||| |||| 00| 0 eng d | ||
| 040 | _c0 | ||
| 082 | _aDPer 647.94068 In821 January-December 2019 v. 20 n. 1-4 | ||
| 100 |
_aLiu, Xiaoming. _eauthor. _959595 |
||
| 245 |
_aThe effect of on-site experience and place attachment on loyalty : _bevidence from Chinese tourist in a hot-spring resort / _cXiaoming Liu, Yi Fu, and Jun Li. |
||
| 260 |
_aUnited kingdom ; _bTaylor & Francis Group , _cJanuary-March 2019. |
||
| 300 |
_aVolume 20, pages 75-100 : _billustration ; _c25 cm. |
||
| 500 | _aInternational Journal of Hospitality & Tourism Administration, vol. 20, no. 1, pages 75-100, January-March 2019. | ||
| 650 | 0 |
_aTourism _xManagement. _946866 |
|
| 650 | 0 |
_aExperience _930869 |
|
| 700 |
_aLiu, Xiaoming. _eauthor. _959595 |
||
| 700 |
_aFu, Yi. _eauthor. _959596 |
||
| 700 |
_aLi, Jun. _eauthor. _959597 |
||
| 942 |
_2ddc _cPER |
||
| 999 |
_c21116 _d21116 |
||